Most annoying quiz - Statistics

General Stats
  • This quiz has been taken 135 times
  • The average score is 17 of 26
Answer Stats
Hint Answer % Correct
LOL L
96%
LOL O
96%
LOL A
95%
you cant get this D
88%
LOL S
85%
LOL S
85%
LOL N
84%
LOL H
83%
LOL H
83%
say LOL LOL
83%
LOL E
81%
LOL E
81%
LOL J
79%
LOL R
79%
q q
77%
m m
75%
a yes
73%
ok ok
61%
who made this? AhrenJ0SH
56%
a no
50%
say yes YES
50%
LOL 0
47%
LOL Y
29%
say LOL LOL
14%
yes LOL YOU CANT LOOK FOR THIS ANSWER
3%
spam your keyboard asdasd
2%
No matching quizzes found
Score Distribution
Percent of People with Each Score
Percentile by Number Answered
Your Score History
You have not taken this quiz